[Event "Molde Autumn op"]
[Site "Molde"]
[Date "2020.10.15"]
[Round "5"]
[White "Eidet, Leo Moen"]
[Black "Brunvoll, Bjorn"]
[Result "1-0"]
[WhiteElo "1419"]
[BlackElo "1758"]
[PlyCount "129"]
[EventDate "2020.08.27"]
[EventType "swiss"]
[EventRounds "6"]
[EventCountry "NOR"]
[SourceTitle "EXT 2024"]
[Source "ChessBase"]
[SourceDate "2023.10.10"]
[SourceVersion "1"]
[SourceVersionDate "2023.10.10"]
[SourceQuality "1"]

1. e4 e5 2. Nf3 Nc6 3. Bb5 a6 4. Bxc6 dxc6 5. d3 Bg4 6. h3 Bxf3 7. Qxf3 Bc5 8. 0-0 Qf6 9. Nd2 Qxf3 10. Nxf3 f6 11. Re1 0-0-0 12. Be3 Bxe3 13. Rxe3 c5 14. a3 Ne7 15. b4 cxb4 16. axb4 Nc6 17. Rb1 Nd4 18. Nxd4 Rxd4 19. Ree1 Rd6 20. Rb3 Rhd8 21. Ra1 c6 22. Kf1 Kd7 23. Ke2 Ke6 24. g3 g5 25. Ra5 Rg8 26. c4 Rd7 27. Ke3 Rgd8 28. Ra1 h5 29. Rba3 Kf7 30. Rd1 Rd4 31. Rc3 Rg8 32. b5 c5 33. Rb1 Rd6 34. bxa6 bxa6 35. Rb7+ Ke6 36. Rc7 a5 37. Rxc5 Ra8 38. Ra3 a4 39. Rb5 f5 40. exf5+ Kxf5 41. f3 Ke6 42. f4 gxf4+ 43. gxf4 exf4+ 44. Kxf4 Rf8+ 45. Ke4 Rf1 46. Rxh5 Re1+ 47. Kf3 Rd8 48. Kf2 Rc1 49. Ke3 Rg1 50. Rh4 Rg3+ 51. Kd2 Kf5 52. Rh5+ Kf4 53. Rh4+ Kf5 54. Re4 Rxh3 55. Re3 Rh2+ 56. Kc3 Ra8 57. d4 Rh1 58. c5 Kf4 59. Kc4 Rc1+ 60. Rec3 Rxc3+ 61. Kxc3 Ke4 62. Kc4 Rd8 63. Rxa4 Rb8 64. c6 Rb1 65. Kc5 1-0

[Event "Molde Autumn op"]
[Site "Molde"]
[Date "2020.08.17"]
[Round "4"]
[White "Brunvoll, Bjorn"]
[Black "Valle, Torkild"]
[Result "1-0"]
[WhiteElo "1758"]
[BlackElo "1282"]
[PlyCount "79"]
[EventDate "2020.08.27"]
[EventType "swiss"]
[EventRounds "6"]
[EventCountry "NOR"]
[SourceTitle "EXT 2024"]
[Source "ChessBase"]
[SourceDate "2023.10.10"]
[SourceVersion "1"]
[SourceVersionDate "2023.10.10"]
[SourceQuality "1"]

1. b3 c5 2. Bb2 Nc6 3. e3 e5 4. Nf3 d6 5. d4 cxd4 6. exd4 e4 7. Nfd2 Nf6 8. c4 d5 9. cxd5 Qxd5 10. Bc4 Qg5 11. Bf1 e3 12. Nf3 exf2+ 13. Kxf2 Ng4+ 14. Ke1 Bb4+ 15. Nbd2 Qe7+ 16. Qe2 0-0 17. Qxe7 Nxe7 18. a3 Bxd2+ 19. Kxd2 Nd5 20. Bc4 Ngf6 21. Rae1 Nb6 22. Re2 Nfd5 23. Ne5 Be6 24. g3 Rfe8 25. Rhe1 Rad8 26. a4 a6 27. a5 Nc8 28. Nd3 Nd6 29. Nc5 Nxc4+ 30. bxc4 Nf6 31. Nxe6 Rxe6 32. Rxe6 fxe6 33. Rxe6 Kf7 34. Re2 Nd7 35. Ba3 Kg6 36. Kc3 Nf6 37. d5 Rc8 38. Kd4 Nd7 39. c5 Nf6 40. Re7 1-0

[Event "Molde Autumn op"]
[Site "Molde"]
[Date "2020.08.03"]
[Round "2"]
[White "Brunvoll, Bjorn"]
[Black "Jonsbu, Egil"]
[Result "1/2-1/2"]
[WhiteElo "1758"]
[BlackElo "1449"]
[PlyCount "168"]
[EventDate "2020.08.27"]
[EventType "swiss"]
[EventRounds "6"]
[EventCountry "NOR"]
[SourceTitle "EXT 2024"]
[Source "ChessBase"]
[SourceDate "2023.10.10"]
[SourceVersion "1"]
[SourceVersionDate "2023.10.10"]
[SourceQuality "1"]

1. d4 Nf6 2. c4 e6 3. Nc3 d5 4. Bg5 Be7 5. e3 c6 6. Nf3 Nbd7 7. Bd3 0-0 8. Qc2 h6 9. Bh4 Re8 10. 0-0 dxc4 11. Bxc4 Nd5 12. Bg3 Nxc3 13. bxc3 Nf6 14. h3 Qa5 15. e4 Nd7 16. e5 Nb6 17. Be2 c5 18. Nd2 cxd4 19. cxd4 Bd7 20. Nb3 Qa4 21. Qd3 Nd5 22. Nc5 Bxc5 23. dxc5 Rac8 24. Rfc1 Rc7 25. f3 Rec8 26. Bf2 Nf4 27. Qd2 Nxe2+ 28. Qxe2 Bb5 29. Qd2 Qa6 30. Rd1 Qc6 31. Qb2 Qe8 32. Rd6 Bc6 33. Rd2 Bd5 34. Qb4 Qd7 35. a4 a6 36. Be3 Kh7 37. Rad1 Qe7 38. Rb2 Rd7 39. Qg4 Qf8 40. Rb6 Rc6 41. Rb4 f5 42. exf6 Qxf6 43. Rdb1 Qf7 44. Qg3 Rc8 45. Rh4 Qg6 46. Qxg6+ Kxg6 47. Rd4 Kh7 48. Rd2 Rf7 49. Rb6 Rc6 50. Rb4 Rcc7 51. Rc2 Rc6 52. a5 Rd7 53. Bf4 Rf7 54. Bd6 Rd7 55. Rcb2 Rc8 56. Rb6 Kg6 57. Kf2 Kf5 58. Re2 Rf7 59. Re5+ Kg6 60. Re3 Rc6 61. Rb4 Rc8 62. Ke2 Rd8 63. Rg4+ Kh7 64. Re5 Rdd7 65. Rd4 Ba2 66. Re3 Bd5 67. g3 Kg6 68. f4 h5 69. g4 hxg4 70. hxg4 Rf6 71. Re5 Bc6 72. Ke3 Kf7 73. Rg5 Bd5 74. Be5 Rg6 75. Rxg6 Kxg6 76. Rd2 Rf7 77. Rd4 Bc6 78. Rd6 Re7 79. f5+ Kf7 80. fxe6+ Rxe6 81. Rxe6 Kxe6 82. Bxg7 Kf7 83. Be5 Kg6 84. Kf4 Bb5 1/2-1/2

[Event "Molde CC-ch"]
[Site "Molde"]
[Date "2020.01.09"]
[Round "1"]
[White "Valle, Torkild"]
[Black "Brunvoll, Bjorn"]
[Result "0-1"]
[WhiteElo "1260"]
[BlackElo "1729"]
[PlyCount "88"]
[EventDate "2020.01.09"]
[EventType "swiss"]
[EventRounds "5"]
[EventCountry "NOR"]
[SourceTitle "EXT 2024"]
[Source "ChessBase"]
[SourceDate "2023.10.10"]
[SourceVersion "1"]
[SourceVersionDate "2023.10.10"]
[SourceQuality "1"]

1. d4 Nf6 2. c4 d5 3. Nc3 Nc6 4. e3 e6 5. a3 a5 6. Nf3 Be7 7. Bd3 0-0 8. Qc2 dxc4 9. Bxc4 b6 10. Bd3 h6 11. Ne4 Bb7 12. Nxf6+ Bxf6 13. Be4 Qd6 14. Nd2 Qd7 15. Bf3 Nd8 16. Bxb7 Nxb7 17. Ne4 Be7 18. 0-0 f5 19. Ng3 c5 20. Qb3 a4 21. Qa2 cxd4 22. Rd1 d3 23. b4 axb3 24. Qxb3 Nc5 25. Qa2 Qa4 26. Bd2 Qc2 27. Bb4 Qxa2 28. Rxa2 Rfd8 29. Rad2 Kf7 30. Bxc5 Bxc5 31. Rxd3 Rxd3 32. Rxd3 Rxa3 33. Rd7+ Kf6 34. Kf1 g6 35. h3 b5 36. Rc7 Bd6 37. Rd7 Bxg3 38. fxg3 Rxe3 39. Kf2 Rb3 40. Rd4 b4 41. g4 Rb2+ 42. Kg3 Ke5 43. Rd1 f4+ 44. Kh2 f3 0-1